000 00320nam a2200133 i 4500
001 bg
100 1 _aTOMPKINS, F. C.
245 0 _aChemisorpcja gazów na metalach /
_cF.C. Tampkins.
260 _aWarszawa :
_bPWN,
_c1985.
040 _cBPK
041 _apol
942 _cKS
008 s pl f |000 0 pol
999 _c28103
_d28103
856 _uhttp://koha.tu.koszalin.pl/cgi-bin/koha/opac-detail.pl?biblionumber=28103
_yKatalog online BPK